[Event "9. Korbacher Open 2017"]
[Site "Korbach"]
[Date "2017.10.20"]
[Round "2"]
[White "Rubina, Tatiana"]
[Black "Van de Griend, Johan"]
[Result "0-1"]
[WhiteElo "2022"]
[BlackElo "1797"]
[Annotator "NA RC"]
[PlyCount "66"]
[EventDate "2017.??.??"]
[EventType "swiss"]
[EventCountry "GER"]
[SourceTitle "playchess.com"]
[Source "ChessBase"]
[SourceQuality "1"]
[TimeControl "40/5400+30:1800+30"]

{[%evp 8,66,23,19,32767,32767,32767,32767,10,32767,0,-5,6,0,0,0,12,-10,31,11,38,-3,0,0,0,-153,-8,-233,-125,-117,32767,32767,32767,32767,38,25,0,26,32767,-377,-401,-759,-971,-29985,-29987,-1013,-313,-351,-435,-318,-421,-344,-383,-29994,-29993,-29995,-29996,-29996,-29997,-29998,-29999]} 1. e4 {[%emt 0:00:56]} e5 {[%emt 0:00:14]} 2. Nf3 {[%emt 0:00:27]} Nc6 {[%emt 0:00:07]} 3. Bc4 {[%emt 0:00:12]} Nf6 {[%emt 0:00:10]} 4. Ng5 {[%emt 0:00:43]} d5 {[%emt 0:00:20]} 5. exd5 {[%emt 0:00:05]} Na5 {[%emt 0:00:21]} 6. Bb5+ {[%emt 0:00:10]} c6 {[%emt 0:00:09]} 7. dxc6 {[%emt 0:00:03]} bxc6 {[%emt 0:00:11]} 8. Qf3 {[%emt 0:01:26]} Be7 {[%emt 0:03:38] C58: Two Knights: 4 Ng5 d5 5 exd5 Na5 sidelines} 9. Bxc6+ $146 {[%emt 0:01:08]} (9. Bd3 h6 10. Ne4 Nd5 11. Ng3 g6 12. O-O f5 13. Re1 Bf6 14. Bf1 O-O 15. d4 e4 16. Qd1 {½-½ (44) Pourramezanali,A (2505)-Wen,Y (2617) Bandar e Anzali 2017}) 9... Nxc6 {[%emt 0:00:08] LiveBook: 28 Games} 10. Qxc6+ {[%emt 0:00:03]} Bd7 {[%emt 0:00:05]} 11. Qf3 {[%emt 0:01:05]} O-O {[%emt 0:02:47]} 12. Nc3 {[%emt 0:02:53]} Rc8 {[%emt 0:01:29]} (12... Ng4 $5 {[%cal Re7g5]} 13. h4 Rc8 $11) 13. O-O {[%emt 0:02:32]} Bc6 {[%emt 0:02:11]} (13... Ng4 $5 {[%cal Re7g5]} 14. h3 Bxg5 15. hxg4 Qb6 $14) 14. Qe2 {[%emt 0:01:20]} Nd5 {[%emt 0:07:30]} 15. Nf3 {[%emt 0:02:36]} Nf4 {[%emt 0:08:59]} 16. Qe3 {[%emt 0:11:22]} ({White must play} 16. Qd1 $1 $15) 16... Bd6 {[%emt 0:15:57]} ({Black should try} 16... Re8 $15 17. Rd1 {[#]} (17. Nxe5 Nxg2 18. Qxa7 Nh4 $15) (17. Qxe5 Bd6 $19) 17... Bc5 $1 {[%mdl 512]}) 17. Rd1 $2 {[%emt 0:07:51] [#]} (17. d4 $11 exd4 18. Qxd4) 17... f5 {[%emt 0:04:12]} ({Better is} 17... Qd7 $1 $19 18. Ne1 Qb7) 18. d4 {[%emt 0:04:20]} Nxg2 {[%emt 0:12:27]} 19. Kxg2 {[%emt 0:01:05]} f4 {[%emt 0:00:05]} 20. Qd3 {[%emt 0:01:42]} Qg5+ $1 {[%emt 0:06:42]} 21. Kf1 {[%emt 0:00:22]} Qh5 {[%emt 0:01:08]} 22. d5 {[%emt 0:00:36]} (22. dxe5 Bxf3 23. exd6 Rfe8 $19) 22... Bd7 {[%emt 0:03:01]} 23. Ng1 $2 {[%emt 0:22:25] [#]} (23. Ne4 $11 {and White is okay.} Bf5 24. Rd2) 23... e4 $1 {[%emt 0:10:14]} 24. Qxe4 {[%emt 0:10:35] [#]} (24. Nxe4 $142 Bb5 25. Qxb5 Qxd1+ 26. Kg2 Qg4+ 27. Kf1 Qd1+ 28. Kg2 Qg4+ 29. Kf1) 24... Rxc3 $1 {[%emt 0:00:54]} 25. bxc3 {[%emt 0:03:20]} Qxd1+ {[%emt 0:00:12]} 26. Kg2 {[%emt 0:00:03] [#]} Qg4+ $2 {[%emt 0:02:54]} (26... f3+ $1 {[%mdl 512] mates} 27. Nxf3 Bf5 28. Qh4 Bxc2 29. Bf4 Qxd5 30. c4 Qc6 31. Bxd6 Qxf3+ 32. Kg1 {[#]} Be4 $1 {[%mdl 512]} 33. Qxe4 Qxe4 34. Bxf8 Qg4+ 35. Kf1 Qxc4+ 36. Kg2 Kxf8 37. a4 Qg4+ 38. Kf1 Qf3 39. Kg1 a5 40. h4 Qg4+ 41. Kf1 Qxh4 42. Kg2 Qg4+ 43. Kh2 Qf3 44. Kg1 h5 45. Re1 Qg4+ 46. Kh2 Qxa4 47. Kg1 Qg4+ 48. Kh1 a4 49. Re5 Qc4 50. Re1 a3 51. Kg1 a2 52. Kg2 Qc3 53. Rh1 a1=Q 54. Rxa1 Qxa1 55. Kg3 Qg1+ 56. Kf3 h4 57. Ke2 h3 58. Ke3 h2 59. Kd4 Qxf2+ 60. Kc3 h1=Q 61. Kb4 Qd4+ 62. Ka5 Qa8+ 63. Kb5 Qaa4#) 27. Kh1 {[%emt 0:00:16]} Qh5 {[%emt 0:04:18]} 28. f3 {[%emt 0:07:02]} Re8 {[%emt 0:02:18]} 29. Qd3 {[%emt 0:00:35]} Re1 {[%emt 0:01:52]} 30. c4 {[%emt 0:03:20]} (30. Bb2 $19 Bf5 31. Rxe1 Bxd3 32. cxd3 Qxd5 33. Re8+ Kf7 34. Re4) 30... Qg5 {[%emt 0:02:21]} 31. Qd4 {[%emt 0:00:42]} Bh3 {[%emt 0:00:33]} 32. Qf2 {[%emt 0:00:29]} Rf1 {[%emt 0:00:20]} 33. Bxf4 {[%emt 0:00:55]} Rxf2 {[%emt 0:00:11]} 0-1

[Event "9. Korbacher Open 2017"]
[Site "Korbach"]
[Date "2017.10.20"]
[Round "2"]
[White "Li, Zhuoling"]
[Black "Spitzl, Vinzent"]
[Result "1/2-1/2"]
[WhiteElo "2007"]
[BlackElo "2300"]
[Annotator "TA"]
[PlyCount "98"]
[EventDate "2017.??.??"]
[EventType "swiss"]
[EventCountry "GER"]
[SourceTitle "playchess.com"]
[Source "ChessBase"]
[SourceQuality "1"]

{[%evp 23,98,16,16,22,12,6,18,0,36,27,24,0,14,0,12,0,13,0,31,32,33,14,23,20,27,23,18,9,12,8,4,-9,-9,-9,-9,-9,-9,-9,-9,-9,-8,-8,-8,-8,-8,-8,-8,-8,-8,-9,-9,-9,-8,-9,-9,-11,-9,-9,-9,-9,-8,-8,0,0,0,0,0,-27,0,0,0,0,0,0,0,-8,-8]} 1. e4 c5 2. Nf3 d6 3. d4 cxd4 4. Nxd4 Nf6 5. Nc3 a6 6. Be2 e5 7. Nb3 Be7 8. Be3 Be6 9. O-O O-O 10. a4 d5 11. exd5 Nxd5 12. Nxd5 Bxd5 13. c4 {B92: Sicilian Najdorf: 6 Be2} Be6 (13... Be4 14. Nc5 Bc6 15. Qxd8 Rxd8 16. b4 Bxc5 17. Bxc5 Rd2 18. Rfe1 Nd7 19. Be3 Rb2 20. b5 Be4 {1-0 (33) Kim,A (2428)-Lovkov,R (2414) St Petersburg 2006}) 14. Qxd8 Rxd8 15. Na5 Nd7 16. Nxb7 $146 ({Predecessor:} 16. Bf3 Bb4 17. Nxb7 Rdc8 18. Rfd1 Rab8 19. Nd6 Bxd6 20. Rxd6 Rxc4 21. Rxa6 {1-0 (37) Sztokbant,B (2065)-Poeta,C (1897) Mogi das Cruzes 2012}) 16... Rdb8 17. Na5 {Bf3 is the strong threat.} Rxb2 18. Bf3 $1 {[%cal Rf3a8]} Rc8 19. Rfb1 Rxb1+ 20. Rxb1 Nc5 21. Nc6 Bf8 22. Nxe5 f6 23. Nc6 Nxa4 24. Ra1 Nc5 25. Ra5 Nd3 26. Rxa6 Bxc4 27. Ra7 Ne1 28. Ne7+ Bxe7 $1 29. Rxe7 Nxf3+ 30. gxf3 $11 {[%mdl 4096] Endgame KRB-KRB} Bd5 31. Kg2 Rc4 32. Kg3 h6 33. h4 Kh7 34. Rd7 Be6 35. Re7 Bf5 36. Bf4 Rb4 37. Rc7 Kg6 38. Bd6 Rd4 39. Bc5 Rd1 40. Bf8 Bd7 41. Kg2 Kf7 42. Bc5 g5 43. hxg5 fxg5 44. Be3 Kg6 45. Rc1 Rd3 46. Kg3 {The position is equal.} Rd6 47. Rc5 Bf5 48. Rb5 h5 49. Rb6 Rxb6 {Precision: White = 57%, Black = 74%.} 1/2-1/2

[Event "9. Korbacher Open 2017"]
[Site "Korbach"]
[Date "2017.10.20"]
[Round "2"]
[White "Maar, Samuel"]
[Black "Mak, Nico"]
[Result "1-0"]
[WhiteElo "1998"]
[BlackElo "1799"]
[Annotator "NA RC"]
[PlyCount "49"]
[EventDate "2017.??.??"]
[EventType "swiss"]
[EventCountry "GER"]
[SourceTitle "playchess.com"]
[Source "ChessBase"]
[SourceQuality "1"]
[TimeControl "40/5400+30:1800+30"]

{[%evp 8,49,26,30,29,30,41,29,33,34,53,56,63,41,173,162,227,32767,67,31,49,6,8,-26,177,156,309,277,289,292,308,306,307,239,242,235,241,253,265,277,827,893,830,856]} 1. e4 {[%emt 0:00:00]} e6 {[%emt 0:00:15]} 2. d4 {[%emt 0:00:00]} d5 {[%emt 0:00:08]} 3. Nd2 {[%emt 0:00:00]} Nf6 {[%emt 0:00:15]} 4. e5 {[%emt 0:00:00]} Nfd7 {[%emt 0:00:05]} 5. Bd3 {[%emt 0:00:00]} c5 {[%emt 0:00:18]} 6. c3 {[%emt 0:00:06]} Nc6 {[%emt 0:01:04]} 7. Ne2 {[%emt 0:03:13]} Be7 {[%emt 0:01:42]} 8. O-O {[%emt 0:00:30]} cxd4 {[%emt 0:03:04] LiveBook: 8 Games} 9. cxd4 {[%emt 0:00:08]} Qb6 {[%emt 0:00:04] C06: French Tarrasch: 3...Nf6 4 e5 Nfd7 5 Bd3 main lines} (9... O-O 10. f4 f5 11. a3 Rb8 12. h3 b5 13. Nf3 b4 14. a4 b3 15. Bd2 Nb4 16. Bxb4 Rxb4 17. a5 {½-½ (70) Shevchenko,K (2453)-Bykov,O (2332) Moscow 2017}) 10. Nb3 {[%emt 0:03:33]} f6 $146 {[%emt 0:06:04]} (10... a5 $14) ({Predecessor:} 10... Nb4 11. Bb1 a5 12. a3 Nc6 {0-1 (66) Biancotti,A (1827)-Mercandelli,C (1900) Alassio 2016}) 11. Nf4 {[%emt 0:16:27]} Nd8 {[%emt 0:34:15]} (11... g6 $16) 12. Bd2 {[%emt 0:27:32]} fxe5 {[%emt 0:05:08]} 13. dxe5 {[%emt 0:20:38]} Nxe5 {[%emt 0:03:05]} 14. Qh5+ {[%emt 0:10:08]} Ndf7 {[%emt 0:02:01]} 15. Bxh7 {[%emt 0:02:48]} Bd7 $2 {[%emt 0:14:17]} (15... Nd7 $1 $11 16. Be3 Qd6) 16. Bc3 {[%emt 0:02:31]} Bf6 {[%emt 0:00:19]} (16... g6 $142 17. Nxg6 Nxg6 18. Qxg6 e5 19. Bxe5 Qxg6 20. Bxg6 Rh6) 17. Bxe5 {[%emt 0:01:20]} Bxe5 {[%emt 0:04:00]} 18. Ng6 $1 {[%emt 0:00:04]} O-O-O {[%emt 0:01:18]} 19. Nxh8 {[%emt 0:02:28]} ({Don't do} 19. Nxe5 $6 Nxe5 20. Qxe5 Rxh7 $18) 19... Rxh8 {[%emt 0:00:43]} 20. Rac1+ {[%emt 0:01:46]} Kb8 {[%emt 0:00:43]} 21. Qxf7 {[%emt 0:00:19]} Be8 {[%emt 0:07:00]} 22. Qf3 {[%emt 0:00:49]} Rxh7 {[%emt 0:00:56]} 23. g3 {[%emt 0:00:04]} Bf6 $2 {[%emt 0:02:04]} (23... Rh8 24. Rfe1 Bh5) 24. Qf4+ {[%emt 0:00:24]} e5 {[%emt 0:03:04]} 25. Qf5 $18 {[%emt 0:00:04]} 1-0

[Event "9. Korbacher Open 2017"]
[Site "Korbach"]
[Date "2017.10.20"]
[Round "2"]
[White "Ohst, Holger"]
[Black "Lesny, Florian"]
[Result "1-0"]
[WhiteElo "1986"]
[BlackElo "1997"]
[Annotator "NA RC"]
[PlyCount "42"]
[EventDate "2017.??.??"]
[EventType "swiss"]
[EventCountry "GER"]
[SourceTitle "playchess.com"]
[Source "ChessBase"]
[SourceQuality "1"]
[TimeControl "40/5400+30:1800+30"]

{[%evp 8,42,4,-9,0,0,0,-8,-5,-20,0,-25,-10,-18,-6,-68,-10,-21,-30,-16,0,-30,0,32767,-57,-77,-49,-39,0,0,32,14,35,33,33,29,30]} 1. c4 {[%emt 0:00:00]} c5 {[%emt 0:00:07]} 2. g3 {[%emt 0:00:37]} g6 {[%emt 0:00:33]} 3. Bg2 {[%emt 0:00:07]} Bg7 {[%emt 0:00:06]} 4. Nc3 {[%emt 0:00:10]} Nc6 {[%emt 0:00:07]} 5. Nf3 {[%emt 0:01:52]} e6 {[%emt 0:00:10]} 6. O-O {[%emt 0:03:14] LiveBook: 1145 Games} Nge7 {[%emt 0:00:14]} 7. d3 {[%emt 0:08:21]} O-O {[%emt 0:02:53]} 8. Bg5 {[%emt 0:04:57]} h6 {[%emt 0:03:24]} 9. Bd2 {[%emt 0:02:32]} b6 {[%emt 0:02:05]} 10. Rb1 {[%emt 0:08:54] A37: Symmetrical English vs ...g6: 4 Bg2 Bg7 5 Nf3} Bb7 {[%emt 0:04:52]} 11. Ne1 {[%emt 0:07:13]} (11. Qc1 $11) 11... d6 {[%emt 0:09:30]} 12. a3 {[%emt 0:02:45]} Qd7 {[%emt 0:06:13]} 13. b4 {[%emt 0:04:45]} Rad8 $146 {[%emt 0:03:48]} ({Predecessor:} 13... f5 14. Nc2 g5 15. Nb5 {1-0 (56) Liu,C (2336)-Andersen,M (2461) Maribor 2012}) 14. Nc2 {[%emt 0:15:58]} Kh7 {[%emt 0:07:02]} 15. bxc5 {[%emt 0:11:53]} dxc5 {[%emt 0:00:54]} 16. Nb5 {[%emt 0:00:53]} Nf5 {[%emt 0:11:36]} 17. Bc3 {[%emt 0:05:55]} Nfd4 {[%emt 0:07:37]} 18. Nbxd4 {[%emt 0:01:21]} Nxd4 {[%emt 0:01:07]} 19. Nxd4 {[%emt 0:01:35]} Bxd4 {[%emt 0:01:06]} 20. Bxd4 {[%emt 0:01:20]} Bxg2 {[%emt 0:02:36]} 21. Kxg2 {[%emt 0:00:50]} Qxd4 $11 {[%emt 0:00:56]} 1-0

[Event "9. Korbacher Open 2017"]
[Site "Korbach"]
[Date "2017.10.20"]
[Round "2"]
[White "Tschoepe, Nino"]
[Black "Stork, Oliver"]
[Result "1/2-1/2"]
[WhiteElo "1978"]
[BlackElo "2176"]
[Annotator "TA"]
[PlyCount "58"]
[EventDate "2017.??.??"]
[EventType "swiss"]
[EventCountry "GER"]
[SourceTitle "playchess.com"]
[Source "ChessBase"]
[SourceQuality "1"]

{[%evp 19,58,22,33,0,0,0,18,1,120,131,121,119,96,104,100,102,84,71,88,14,14,14,14,13,19,9,23,0,0,0,0,0,0,0,0,0,0,0,0,0,0]} 1. Nf3 Nf6 2. e3 d5 3. c4 e6 4. b3 Be7 5. Bb2 O-O 6. Nc3 c5 7. cxd5 exd5 8. d4 Nc6 9. Be2 Ne4 10. O-O Bf6 {LiveBook: 20 Games} 11. Nxe4 {D32: Tarrasch Defence: Sidelines and lines without g3} dxe4 12. Ne5 Bf5 $146 ({Predecessor:} 12... Bxe5 13. dxe5 Qg5 14. Qd5 Rd8 15. Qxe4 Rd2 16. f4 Qf5 17. Qc4 Rxb2 18. Bd3 Qg4 19. Be4 Bf5 20. Bf3 Qg6 21. e4 Nd4 {0-1 (21) Blatny,P (2541)-Mueller,K (2525) Austria 2001}) 13. Bg4 Qc8 (13... Bxe5 $11 {remains equal.} 14. Bxf5 cxd4) 14. Bxf5 $16 Qxf5 15. Nxc6 bxc6 {[#]} 16. Ba3 $1 cxd4 {And now ...Rfd8 would win.} 17. Bxf8 ({Not} 17. exd4 Rfd8 $15) 17... Rxf8 18. exd4 c5 19. dxc5 ({White should try} 19. Qc2 $16) 19... Bxa1 $11 20. Qxa1 {aiming for c6.} Qxc5 $16 {[%mdl 4096] Endgame KQR-KQR} 21. Rc1 Qa5 22. Rc4 Re8 23. Qc1 Qxa2 {The position is equal.} 24. Rc8 {[%cal Rc8e8] [#]} Rf8 25. Rxf8+ Kxf8 26. Qc5+ Ke8 27. Qe5+ Kd7 {[%cal Ra2b1]} 28. Qd5+ Ke7 {( -> ...Qb1+)} 29. Qe5+ Kd7 {Precision: White = 53%, Black = 41%.} 1/2-1/2

[Event "9. Korbacher Open 2017"]
[Site "Korbach"]
[Date "2017.10.20"]
[Round "2"]
[White "Bluebaum, Johanna"]
[Black "Schmidt, Andre"]
[Result "1/2-1/2"]
[WhiteElo "1955"]
[BlackElo "2154"]
[Annotator "TA"]
[PlyCount "72"]
[EventDate "2017.??.??"]
[EventType "swiss"]
[EventCountry "GER"]
[SourceTitle "playchess.com"]
[Source "ChessBase"]
[SourceQuality "1"]

{[%evp 23,72,-7,28,23,47,45,49,37,66,50,83,79,87,75,85,83,77,86,105,68,64,71,107,111,135,130,132,127,118,125,145,98,103,103,118,129,122,112,124,120,155,162,167,102,103,66,68,64,89,72,77]} 1. d4 Nf6 2. c4 g6 3. Nc3 Bg7 4. e4 d6 5. Nf3 O-O 6. Be2 e5 7. dxe5 dxe5 8. Qxd8 Rxd8 9. Bg5 Re8 10. Nd5 Nxd5 11. cxd5 c6 12. Bc4 Bd7 13. O-O-O {[%cal Ba1d1,Bd1d2,Bd2d5][%mdl 32] E92: King's Indian: Classical: 6 Be2 e5: 7 dxe5, 7 Be3 and Petrosian System without 7...Nbd7} b5 14. dxc6 Bxc6 15. Bd5 {White is slightly better.} a5 $146 ({Predecessor:} 15... Na6 16. Kb1 Nb4 17. Bxc6 Nxc6 18. Rd5 f6 19. Be3 a6 20. Rc1 {½-½ (35) Tallarico Tallarico,O (2223)-Rodriguez Fernandez,J (2133) Mondariz 2003}) 16. Kb1 h6 17. Be3 Ra6 18. Rd2 Bf8 19. Rc1 Kg7 20. Bc5 f6 21. Bxc6 Rxc6 22. Bxf8+ Rxf8 {[#]} 23. Rd5 $1 Rxc1+ 24. Kxc1 $16 {[%mdl 4096] Endgame KRN-KRN} Nc6 25. Rxb5 Nb4 26. Rxa5 Rc8+ 27. Kd1 Nd3 28. Ra7+ Kg8 29. Ke2 Nxb2 30. Ne1 Rc4 31. f3 f5 32. exf5 gxf5 33. Rb7 (33. Ra5 $18) 33... Na4 34. Kd3 Rc1 35. Kd2 Ra1 36. Nc2 Rxa2 {Precision: White = 69%, Black = 49%.} 1/2-1/2

[Event "9. Korbacher Open 2017"]
[Site "Korbach"]
[Date "2017.10.20"]
[Round "2"]
[White "Duzy, Stefan"]
[Black "Sanati, Charlotte"]
[Result "0-1"]
[WhiteElo "1935"]
[BlackElo "2098"]
[Annotator "NA RC"]
[PlyCount "64"]
[EventDate "2017.??.??"]
[EventType "swiss"]
[EventCountry "GER"]
[SourceTitle "playchess.com"]
[Source "ChessBase"]
[SourceQuality "1"]
[TimeControl "40/5400+30:1800+30"]

{[%evp 8,63,64,32,73,26,57,43,63,56,54,8,3,24,47,40,31,36,50,23,21,20,41,37,52,55,67,56,125,119,109,13,0,10,22,-1,10,-8,-34,-28,12,-44,-19,-47,-25,-53,0,-95,-81,-76,-86,-175,-185,-160,-166,-179,-179,-351]} 1. c4 {[%emt 0:00:00]} c5 {[%emt 0:00:43]} 2. e3 {[%emt 0:01:32]} g6 {[%emt 0:02:33]} 3. Nc3 {[%emt 0:01:36]} Bg7 {[%emt 0:01:17]} 4. d4 {[%emt 0:00:15]} b6 {[%emt 0:09:50]} (4... cxd4 $11 5. exd4 Nf6) 5. Nf3 {[%emt 0:21:14]} Bb7 {[%emt 0:01:45]} 6. Be2 {[%emt 0:06:33]} Nf6 {[%emt 0:01:14]} 7. O-O {[%emt 0:00:17]} O-O {[%emt 0:00:42]} 8. d5 {[%emt 0:03:57]} d6 {[%emt 0:02:43] LiveBook: 14 Games E61: King's Indian: Early deviations for White, including Smyslov System} 9. Nd2 {[%emt 0:10:52]} (9. Re1 $14) (9. e4 e5 10. a3 h6 11. Bd2 Nbd7 12. Qc1 Kh7 13. Ne1 Qe7 14. b4 Rac8 15. Qb1 Rb8 16. Ra2 Ne8 17. Bd3 {1-0 (51) Kovalenko,I (2684)-Brodowski,P (2444) Tallinn 2016}) 9... e6 {[%emt 0:10:59]} 10. e4 {[%emt 0:03:06]} Qe7 $146 {[%emt 0:05:48]} ({Predecessor:} 10... exd5 11. cxd5 a6 12. a4 Re8 13. f3 Nbd7 14. f4 c4 15. Nxc4 Nc5 16. Nxd6 Qxd6 17. e5 Qd8 18. exf6 Qxf6 19. f5 Qd4+ 20. Kh1 {½-½ (20) Szamos,A (2192)-Macko,M (2167) Slovakia 2015}) 11. Re1 {[%emt 0:08:25]} Na6 {[%emt 0:08:20]} 12. Nf1 {[%emt 0:06:24]} Rfe8 {[%emt 0:05:56]} 13. Bd2 {[%emt 0:02:40]} Nd7 {[%emt 0:05:59]} 14. Ne3 {[%emt 0:11:07]} Rf8 {[%emt 0:02:31]} 15. f4 {[%emt 0:02:30]} Bd4 {[%emt 0:04:46]} 16. Kh1 {[%emt 0:03:00]} Rae8 {[%emt 0:04:20]} 17. Bf3 {[%emt 0:02:23]} Nb4 {[%emt 0:01:47] [#]} (17... Rb8 $14) 18. Qb1 $1 {[%emt 0:01:20]} exd5 {[%emt 0:06:43]} 19. Nexd5 {[%emt 0:02:31]} (19. exd5 $16 h5 20. a3) 19... Nxd5 {[%emt 0:01:36]} 20. exd5 {[%emt 0:00:23]} Qd8 {[%emt 0:03:37]} 21. Qd3 {[%emt 0:02:51]} a6 {[%emt 0:04:16]} 22. Rxe8 {[%emt 0:00:30]} Rxe8 23. Re1 {[%emt 0:00:16]} Nf6 {[%emt 0:01:19]} 24. b3 {[%emt 0:01:39]} Bc8 {[%emt 0:00:45]} 25. Rxe8+ {[%emt 0:01:24]} Qxe8 {[%emt 0:00:58]} 26. Ne4 {[%emt 0:01:42]} Bf5 {[%emt 0:01:38]} 27. Nxf6+ {[%emt 0:00:08]} (27. Qxd4 $1 $11 Qxe4 28. Qxe4 (28. Bxe4 cxd4 29. Bxf5 gxf5 $14) 28... Bxe4 29. Bxe4 Nxe4 30. Be1) 27... Bxf6 {[%emt 0:00:04]} 28. Qf1 $1 {[%emt 0:01:07]} h5 {[%emt 0:00:28]} 29. Be2 {[%emt 0:01:06]} (29. h3 $17) 29... Qe4 {[%emt 0:00:23]} 30. Qd1 {[%emt 0:02:34]} Bd4 {[%emt 0:01:38]} 31. Bf3 {[%emt 0:00:06]} Qb1 {[%emt 0:02:39]} 32. a4 $19 {[%emt 0:00:02]} (32. Qxb1 Bxb1 33. a4) 32... Qa2 {[%emt 0:01:46]} 0-1

[Event "9. Korbacher Open 2017"]
[Site "Korbach"]
[Date "2017.10.20"]
[Round "2"]
[White "Wachsmann, Dietmar"]
[Black "Nielsen, Klaus"]
[Result "0-1"]
[WhiteElo "1930"]
[BlackElo "2092"]
[Annotator "NA RC"]
[PlyCount "71"]
[EventDate "2017.??.??"]
[EventType "swiss"]
[EventCountry "GER"]
[SourceTitle "playchess.com"]
[Source "ChessBase"]
[SourceQuality "1"]
[TimeControl "40/5400+30:1800+30"]

{[%evp 8,71,57,33,68,39,64,8,25,0,21,11,47,40,78,62,58,32,44,19,23,9,18,0,0,5,22,2,24,32767,32767,-22,34,57,91,102,87,106,81,79,154,169,226,245,245,264,236,223,279,68,72,-55,-31,-82,47,8,25,40,40,-61,67,15,82,38,96,0]} 1. e4 {[%emt 0:00:00]} d5 {[%emt 0:00:16]} 2. exd5 {[%emt 0:00:00]} Qxd5 {[%emt 0:00:06]} 3. Nf3 {[%emt 0:00:20]} Nf6 {[%emt 0:00:38]} 4. d4 {[%emt 0:00:52]} Bg4 {[%emt 0:04:12]} 5. Be2 {[%emt 0:01:06]} e6 {[%emt 0:03:12]} ({Of course not} 5... Bxf3 6. Bxf3 Qe6+ 7. Be3 $16) 6. c4 {[%emt 0:02:07] LiveBook: 19 Games B01: Scandinavian Defence} (6. h3 Bh5 7. c4 Qd8 8. Qb3 Qc8 9. Nc3 Nbd7 10. Be3 Be7 11. g4 Bg6 12. O-O-O c6 13. Nh4 Qc7 14. Nxg6 hxg6 {0-1 (52) Morozevich,A (2683)-Seliverstov,V (2455) Moscow 2016}) 6... Bb4+ {[%emt 0:01:40]} 7. Bd2 {[%emt 0:05:50]} (7. Nc3 $14 Qf5 8. h3 Bxf3 9. Bxf3) 7... Bxd2+ {[%emt 0:01:06]} 8. Qxd2 {[%emt 0:02:02]} Qd6 {[%emt 0:01:04]} 9. Nc3 {[%emt 0:04:29]} c6 {[%emt 0:00:36]} 10. h3 $146 {[%emt 0:05:44]} ({Predecessor:} 10. O-O Nbd7 11. Rad1 O-O 12. Rfe1 Rad8 13. h3 Bxf3 14. Bxf3 {1-0 (39) Fowler,D (1867)-Neatherway,A (1870) England 2014}) 10... Bf5 {[%emt 0:02:43]} 11. O-O {[%emt 0:04:11]} Nbd7 {[%emt 0:00:56]} 12. Rfd1 {[%emt 0:06:22]} O-O {[%emt 0:01:04]} 13. Nh4 {[%emt 0:07:56]} Ne4 {[%emt 0:03:19]} 14. Nxf5 {[%emt 0:03:03]} exf5 {[%emt 0:00:08]} 15. Qc2 {[%emt 0:01:29]} Rae8 {[%emt 0:03:19]} 16. Bf3 {[%emt 0:04:18]} Ndf6 {[%emt 0:03:01]} 17. d5 {[%emt 0:04:13]} Qf4 {[%emt 0:03:16]} 18. c5 {[%emt 0:06:03]} Ng5 {[%emt 0:12:45]} 19. Rd3 {[%emt 0:05:14]} Nfe4 {[%emt 0:03:11]} (19... Nd7 $15 20. Ne2 Qb4) 20. b4 {[%emt 0:03:16]} Nxc3 {[%emt 0:16:23]} (20... a5 $11) 21. Qxc3 {[%emt 0:03:43]} cxd5 {[%emt 0:03:59]} 22. Bxd5 {[%emt 0:00:44]} Re2 {[%emt 0:01:08]} 23. Qd4 {[%emt 0:01:47]} Ne4 {[%emt 0:05:23]} ({Black should try} 23... Qxd4 24. Rxd4 Re7) 24. Rf3 {[%emt 0:01:21]} Qg5 {[%emt 0:05:24]} 25. Rd1 {[%emt 0:02:03]} ({Resist} 25. Bxb7 $6 Qe7 $18) 25... g6 {[%emt 0:09:37]} 26. Bxb7 {[%emt 0:02:28]} Qe7 {[%emt 0:07:29]} 27. c6 {[%emt 0:05:22]} Rxa2 {[%emt 0:03:23] [#]} 28. b5 $2 {[%emt 0:10:48]} ({Only move:} 28. Qc4 $1 $18 {[%cal Rc4a2]} Rd2 29. Rd3 Rxd3 30. Rxd3) 28... Qc7 {[%emt 0:00:44]} 29. Qd7 {[%emt 0:03:51]} Qb6 $1 {[%emt 0:00:20]} 30. Qd4 {[%emt 0:01:17]} (30. Qd5 $11 Rb2 31. Qd4 Qxb5 32. Qxa7) 30... Qc7 {[%emt 0:00:13]} (30... Qxb5 $15 31. Qd3 Qb2) 31. Qd5 {[%emt 0:02:07]} Rc2 {[%emt 0:00:22]} 32. Qd3 {[%emt 0:00:30]} Rc5 {[%emt 0:00:32]} 33. Qd4 {[%emt 0:00:25]} (33. Ba6 $11) 33... Qb6 {[%emt 0:00:48]} ({Black should try} 33... Rxb5 $15 34. Ra3 a5) 34. Rb3 {[%emt 0:00:29]} (34. Ba6 $16) 34... Rc1 {[%emt 0:00:51]} (34... Re8 $11 {remains equal.}) 35. Rbd3 {[%emt 0:00:36]} Rc5 $16 {[%emt 0:00:48] [#]} 36. Rb3 {[%emt 0:00:14]} (36. Ba6 $1 $16) 0-1